<?xml version="1.0" encoding="UTF-8"?>
<record
    xmlns:xsi="http://www.w3.org/2001/XMLSchema-instance"
    xsi:schemaLocation="http://www.loc.gov/MARC21/slim http://www.loc.gov/standards/marcxml/schema/MARC21slim.xsd"
    xmlns="http://www.loc.gov/MARC21/slim">

  <leader>00531nam a22001697a 4500</leader>
  <datafield tag="082" ind1=" " ind2=" ">
    <subfield code="a">620.112</subfield>
    <subfield code="b">SAL</subfield>
    <subfield code="c">D</subfield>
  </datafield>
  <datafield tag="100" ind1=" " ind2=" ">
    <subfield code="a">Salmon, E.H</subfield>
  </datafield>
  <datafield tag="245" ind1=" " ind2=" ">
    <subfield code="a">Materials and structures (Vol I)</subfield>
    <subfield code="c">Salmon, E.H</subfield>
  </datafield>
  <datafield tag="260" ind1=" " ind2=" ">
    <subfield code="a">London</subfield>
    <subfield code="b">Longmans, Green and Co.</subfield>
    <subfield code="c">1931</subfield>
  </datafield>
  <datafield tag="300" ind1=" " ind2=" ">
    <subfield code="a">viii, 629 p. :</subfield>
    <subfield code="b">ill, ;</subfield>
    <subfield code="c">22 cm.</subfield>
  </datafield>
  <datafield tag="526" ind1=" " ind2=" ">
    <subfield code="a">0</subfield>
    <subfield code="b">0</subfield>
    <subfield code="c">0</subfield>
    <subfield code="d">620_112000000000000_SAL</subfield>
  </datafield>
  <datafield tag="526" ind1=" " ind2=" ">
    <subfield code="a">0</subfield>
    <subfield code="b">0</subfield>
    <subfield code="c">0</subfield>
    <subfield code="d">620_112000000000000_SAL</subfield>
  </datafield>
  <datafield tag="526" ind1=" " ind2=" ">
    <subfield code="a">0</subfield>
    <subfield code="b">0</subfield>
    <subfield code="c">0</subfield>
    <subfield code="d">620_112000000000000_SAL</subfield>
  </datafield>
  <datafield tag="526" ind1=" " ind2=" ">
    <subfield code="a">0</subfield>
    <subfield code="b">0</subfield>
    <subfield code="c">0</subfield>
    <subfield code="d">620_112000000000000_SAL</subfield>
  </datafield>
  <datafield tag="650" ind1=" " ind2=" ">
    <subfield code="a">D (MCE)</subfield>
    <subfield code="9">40349</subfield>
  </datafield>
  <datafield tag="942" ind1=" " ind2=" ">
    <subfield code="2">ddc</subfield>
    <subfield code="c">BK</subfield>
  </datafield>
  <datafield tag="999" ind1=" " ind2=" ">
    <subfield code="c">545060</subfield>
    <subfield code="d">545060</subfield>
  </datafield>
  <datafield tag="952" ind1=" " ind2=" ">
    <subfield code="0">0</subfield>
    <subfield code="1">0</subfield>
    <subfield code="2">ddc</subfield>
    <subfield code="4">0</subfield>
    <subfield code="7">0</subfield>
    <subfield code="a">MCE</subfield>
    <subfield code="b">MCE</subfield>
    <subfield code="d">2014-05-16</subfield>
    <subfield code="l">0</subfield>
    <subfield code="o">620.112 SAL</subfield>
    <subfield code="p">MCE-927</subfield>
    <subfield code="r">2014-05-16</subfield>
    <subfield code="w">2014-05-16</subfield>
    <subfield code="y">BK</subfield>
  </datafield>
  <datafield tag="952" ind1=" " ind2=" ">
    <subfield code="0">0</subfield>
    <subfield code="1">0</subfield>
    <subfield code="2">ddc</subfield>
    <subfield code="4">0</subfield>
    <subfield code="7">0</subfield>
    <subfield code="a">MCE</subfield>
    <subfield code="b">MCE</subfield>
    <subfield code="d">2014-05-16</subfield>
    <subfield code="l">0</subfield>
    <subfield code="o">620.112 SAL</subfield>
    <subfield code="p">MCE-924</subfield>
    <subfield code="r">2014-05-16</subfield>
    <subfield code="w">2014-05-16</subfield>
    <subfield code="y">BK</subfield>
  </datafield>
  <datafield tag="952" ind1=" " ind2=" ">
    <subfield code="0">0</subfield>
    <subfield code="1">0</subfield>
    <subfield code="2">ddc</subfield>
    <subfield code="4">0</subfield>
    <subfield code="7">0</subfield>
    <subfield code="a">MCE</subfield>
    <subfield code="b">MCE</subfield>
    <subfield code="d">2014-05-16</subfield>
    <subfield code="l">0</subfield>
    <subfield code="o">620.112 SAL</subfield>
    <subfield code="p">MCE-1098</subfield>
    <subfield code="r">2014-05-16</subfield>
    <subfield code="w">2014-05-16</subfield>
    <subfield code="y">BK</subfield>
  </datafield>
  <datafield tag="952" ind1=" " ind2=" ">
    <subfield code="0">0</subfield>
    <subfield code="1">0</subfield>
    <subfield code="2">ddc</subfield>
    <subfield code="4">0</subfield>
    <subfield code="7">0</subfield>
    <subfield code="a">MCE</subfield>
    <subfield code="b">MCE</subfield>
    <subfield code="d">2014-05-16</subfield>
    <subfield code="l">2</subfield>
    <subfield code="o">620.112 SAL</subfield>
    <subfield code="p">MCE-921</subfield>
    <subfield code="r">2020-12-16</subfield>
    <subfield code="s">2020-12-16</subfield>
    <subfield code="w">2014-05-16</subfield>
    <subfield code="y">BK</subfield>
  </datafield>
</record>
